00720nam a2200193 a 450000100100000000500170001000800410002702000150006804000250008310000310010824501010013926000230024030000360026350000420029950000420034150000210038395201050040499900170050900003423520200930070906.0110928s20uu sp 000 0 spa d a8460571785 aDO-SdBNPbspacBNPHU1 aHeredero, Carlos F.95965610aCuentos de magia y conocimiento :bel cine de Manuel Gutíerrez Aragón /cCarlos F. Heredero. a[Madrid],c[20uu]? a135 p. :bil., retrs. ;c24 cm. aIncluye notas al pie de las páginas aIncluye datos biográficos del autor aIncluye índice 001050718MOaGRbGRcCTd2011-09-28iLF1l0o p34235-10r2020-06-25w2020-06-25y1ZNo se presta c33726d33726